000 00470nam a2200181Ia 4500
001 24716
005 20260414151102.0
008 260414t2024||||xx |||||||||||||| ||spa||
041 _aESP
082 _a345.726
_bM86
100 _aMoreno Valencia, Carlos Alfredo,
_eAUT
245 0 _aLa apelación de la sentencia :
_bnálisis jurisprudencial
260 _c2024
300 _a863 páginas :
_c25 cm.
650 _aDER
654 _aCDE
942 _cLIB
_dJUS
_fJUS
_2ddc
_n
999 _c24716
_d24716